书目信息 |
| 题名: |
溶液中的金属离子
|
|
| 作者: | 伯吉斯 , Burgess 著 ;祝振鑫 译 | |
| 分册: | ||
| 出版信息: | 北京 原子能出版社 1987 |
|
| 页数: | 350页 | |
| 开本: | 26cm | |
| 丛书名: | ||
| 单 册: | ||
| 中图分类: | O645 | |
| 科图分类: | ||
| 主题词: | 溶液-金属离子 , 金属离子-溶液 | |
| 电子资源: | ||
| ISBN: | ||
| 000 | 00869nam0 2200301 45 | |
| 001 | 0187009378 | |
| 005 | 20040520084935.9 | |
| 010 | @dCNY4.55 | |
| 091 | @a15175.769 | |
| 100 | @a19900808d1987 emky0chiy0121 ea | |
| 101 | 1 | @achi@ceng |
| 102 | @aCN@b110000 | |
| 105 | @ay z 000yy | |
| 106 | @ar | |
| 200 | 10 | @a溶液中的金属离子@Arong ye zhong de jin shu li zi@f(英)伯吉斯(Burgess,J.)著@g祝振鑫等译 |
| 210 | @a北京@c原子能出版社@d1987 | |
| 215 | @a350页@d26cm | |
| 300 | @a书名原文: Metal ions in solution | |
| 510 | 1 | @aMetal ions in solution@zeng |
| 606 | @a溶液-金属离子 | |
| 606 | @a金属离子-溶液 | |
| 690 | @aO645@v3 | |
| 701 | 1 | @a伯吉斯@Abo ji si@bJ.@4著 |
| 701 | A1 | @aBurgess@bJ.@4著 |
| 702 | 0 | @a祝振鑫@Azhu zhen xin@4译 |
| 801 | 0 | @aCN@b深圳图书馆@c20040520 |
| 801 | 2 | @aCN@bNLC@c20040520 |
| 905 | @f1@b217586@dO645@e7@b217587-589@f3 | |
| 溶液中的金属离子/(英)伯吉斯(Burgess,J.)著/祝振鑫等译.-北京:原子能出版社,1987 |
| 350页;26cm |
| 书名原文: Metal ions in solution |
| ISBN :CNY4.55 |
| ● |
| 相关链接 |
|
|
|
|
正题名:溶液中的金属离子
索取号:O645/7
 
预约/预借
| 序号 | 登录号 | 条形码 | 馆藏地/架位号 | 状态 | 备注 |
| 1 | 0217586 | 000343060 | 第三借阅区/ [索取号:O645/7] | 在馆 | |
| 2 | 0217587 | 000343079 | 第三借阅区/ [索取号:O645/7] | 在馆 | |
| 3 | 0217588 | 000343051 | 第三借阅区/ [索取号:O645/7] | 在馆 | |
| 4 | 0217589 | 000343088 | 第三借阅区/ [索取号:O645/7] | 在馆 | |
| 5 | 0217590 | 000343097 | 第二样本阅览室/ [索取号:O645/7] | 在馆 |